Statistiques concernant Monarchies d'Europe

Cliquez ici pour prendre le quiz!

Statistiques générales

  • Ce quiz a été pris 3,181 fois
  • Le résultat moyen est 10 sur 12

Statistiques - réponses

Pays % Correct
Royaume-Uni
97%
Espagne
95%
Suède
93%
Belgique
91%
Norvège
89%
Monaco
87%
Danemark
86%
Andorre
83%
Luxembourg
79%
Pays-Bas
79%
Vatican
74%
Liechtenstein
70%

Distribution des résultats

Percentile by Number Answered

% des personnes avec chaque résultat

Votre développement - résultats

Vous n’avez pas pris ce quiz